• Almagretta

di Personal Name

Records bibliografici associati: 1

001 - CONTROL NUMBER

  • control field: 36762

003 - CONTROL NUMBER IDENTIFIER

  • control field: IT-RoPau

005 - DATE AND TIME OF LATEST TRANSACTION

  • control field: 20151125151957.0

008 - FIXED-LENGTH DATA ELEMENTS

  • fixed length control field: 151125|| aca||aabn | a|a d

040 ## - CATALOGING SOURCE

  • Original cataloging agency: IT-RoPau
  • Transcribing agency: IT-RoPau

100 ## - HEADING--PERSONAL NAME

  • Personal name: Almagretta
  • Relator term: (musica)
  • Miscellaneous information: Codice Musica SPICS: 58019

670 ## - SOURCE DATA FOUND

  • Source citation: Work cat.: (IT-RoPau)104625: Capuano Antonio Codice regista SPICS: 26430 36760, PIANESE NUNZIO 14 ANNI A MAGGIO PIANESE NUNZIO 14 ANNI A MAGGIO (Rif. Codice opera principale : H5173)
CREDITS: SOCIETA' SAN PAOLO Via A.Severo, 58 - ROMA (RM) & PERIODICI SAN PAOLO SRL Via Giotto, 36 MILANO & CISF Via Giotto, 36 MILANO & EDIZIONI SAN PAOLO SRL,  Piazza Soncino, 5 CINISELLO BALSAMO (MI) -- ITALY